S Berezovskim, Kniazevom, Urasinom i Kremerom. pozvánka na Bratislavské hudobné slávnosti

Bibliographic Details
Main Author: Hrehorčáková, Jarmila (Author)
Format: Article
Language:Slovak
PhysicalDescription:Fotogr.
ISSN:1335-4426
Subjects:

MARC

LEADER 00000nab a2200000 ar4500
001 vtls009168694
003 SK-MaSNL
005 20260426063347.0
008 071219c2007 xo wr|p|||||||000 b|slo
015 |a SNBRB2007/12  |2 snkbucl 
040 |a SNKBUCL  |b slo  |c SNKBUCL  |e AACR2 
041 0 |a slo 
044 |a xo  |c SK 
080 |a 78.079  |x (437.6)  |2 2001 
080 |a 782/789  |2 2001 
100 1 |a Hrehorčáková, Jarmila  |4 aut  |9 1040584 
245 1 0 |a S Berezovskim, Kniazevom, Urasinom i Kremerom.  |b pozvánka na Bratislavské hudobné slávnosti  |c Jarmila Hrehorčáková 
300 |b Fotogr. 
500 |a Do č. 5 vychádzalo periodikum ako Domino fórum 
611 2 7 |a Bratislavské hudobné slávnosti  |n (43. :  |d 2007 :  |c Bratislava, Slovensko)  |2 snkbucl  |9 1285098 
650 0 7 |a hudobné festivaly  |2 snkbucl  |9 2958 
651 7 |a Bratislava (Slovensko)  |2 snkbucl  |9 14568 
773 0 |t Domino efekt  |g Roč. XVI, č. 46 (2007), s. 36-37  |x 1335-4426 
852 |a SNK  |b KIS3GCP 
958 |a SK 
999 |c 2555236  |d 2557166